书目信息 |
| 题名: |
世界旅游地理
|
|
| 作者: | 尹德涛 编著 | |
| 分册: | ||
| 出版信息: | 天津 南开大学出版社 2007 |
|
| 页数: | 458页 | |
| 开本: | 21cm | |
| 丛书名: | ||
| 单 册: | ||
| 中图分类: | F591.99 | |
| 科图分类: | ||
| 主题词: | 旅游地理学--世界--高等学校--教材 , 旅游地理学 | |
| 电子资源: | ||
| ISBN: | 978-7-310-02778-1 | |
| 000 | 00788nam0 2200241 450 | |
| 001 | 1234237547 | |
| 005 | 20121005093115.48 | |
| 010 | @a978-7-310-02778-1@dCNY25.00 | |
| 100 | @a20070402d2007 em y0chiy50 ea | |
| 101 | 0 | @achi |
| 102 | @aCN@b120000 | |
| 105 | @ay z 000yy | |
| 200 | 1 | @a世界旅游地理@Ashi jie lv you di li@f尹德涛编著 |
| 210 | @a天津@c南开大学出版社@d2007 | |
| 215 | @a458页@d21cm | |
| 300 | @a高等院校旅游专业系列教材 | |
| 330 | @a本书把世界、各大洲、各旅游区、各主要旅游国家和地区作为不同等级的旅游地域系统加以研究,尤其侧重研究各旅游区的区域旅游特色等内容。 | |
| 606 | 0 | @a旅游地理学@y世界@x高等学校@j教材 |
| 606 | 0 | @a旅游地理学 |
| 690 | @aF591.99@v4 | |
| 701 | 0 | @a尹德涛@Ayin de tao@4编著 |
| 801 | 0 | @aCN@bNLC@c20101222 |
| 905 | @a10447@dF591.99@eJY54 | |
| 世界旅游地理/尹德涛编著.-天津:南开大学出版社,2007 |
| 458页;21cm |
| 高等院校旅游专业系列教材 |
| ISBN 978-7-310-02778-1:CNY25.00 |
| 本书把世界、各大洲、各旅游区、各主要旅游国家和地区作为不同等级的旅游地域系统加以研究,尤其侧重研究各旅游区的区域旅游特色等内容。 |
| ● |
| 相关链接 |
|
|
|
|
正题名:世界旅游地理
索取号:F591.99/JY54
 
预约/预借
| 序号 | 登录号 | 条形码 | 馆藏地/架位号 | 状态 | 备注 |
| 1 | 7814027 | 278140272 | 学院路分馆/ [索取号:F591.99/JY54] | 在馆 | |
| 2 | 7814028 | 278140281 | 学院路分馆/ [索取号:F591.99/JY54] | 在馆 |